Normal view
MARC view
- تأليف الزمخشري، جار الله أبي القاسم محمود بن عمر؛ تحقيق عبدالرحيم محمود
Entry Personal Name
001 - CONTROL NUMBER
- control field: 41963
003 - CONTROL NUMBER IDENTIFIER
- control field: JO-AjAnu
005 - DATE AND TIME OF LATEST TRANSACTION
- control field: 20230606080951.0
008 - FIXED-LENGTH DATA ELEMENTS
- fixed length control field: 230606|| aca||aabn | a|a d
040 ## - CATALOGING SOURCE
- Original cataloging agency: JO-AjAnu
- Transcribing agency: JO-AjAnu
100 ## - HEADING--PERSONAL NAME
- Personal name: تأليف الزمخشري، جار الله أبي القاسم محمود بن عمر؛ تحقيق عبدالرحيم محمود
670 ## - SOURCE DATA FOUND
- Source citation: Work cat.: (JO-AjAnu)21501: تأليف الزمخشري، جار الله أبي القاسم محمود بن عمر؛ تحقيق عبدالرحيم محمود, author, أساس البلاغة